00390nam a2200121Ia 45000010005000000080041000050820028000461000057000742450070001312600024002019010028002259990015002533857241024s9999 xx 000 0 und d aRD/379.97293/IN56i/2014 aIniciativa Dominicana por una Educación de Calidad 0aInforme semestral de seguimiento y monitoreo primer semestre 2014 bSanto Domingoc2014 a17/11/2014 2:19:56 p.m. c8273d8273